00234nam a22000857a 4500100001700000245005300017260004000070300001000110650002800120 aKlotz,Irving aChemical Thermodynamics:basic theory and methods aCaliforniabBenjamin/Cummingsc1974 a444 p achemical thermodynamics